Linguistics and second language acquisition
Збережено в:
| Автор: | |
|---|---|
| Формат: | Книга |
| Мова: | Англійська |
| Опубліковано: |
Londres
The Macmillan
1993
|
| Серія: | Modern Linguistics Series
|
| Предмети: | |
| Теги: |
Додати тег
Немає тегів, Будьте першим, хто поставить тег для цього запису!
|
MARC
| LEADER | 00000nam a2200000 a 4500 | ||
|---|---|---|---|
| 001 | UCO6573 | ||
| 003 | CL-VaPUC | ||
| 008 | 001027e19930000UK |||||||||||||||||eng|d | ||
| 082 | 0 | 4 | |a 401.93 |b COO |2 21 |
| 100 | 0 | |a Cook, Vivian |e author |9 451323 | |
| 245 | 1 | 0 | |a Linguistics and second language acquisition |
| 300 | |a 313 p | ||
| 942 | |c BK | ||
| 945 | |d 20001027 00:00:00 |a vberengu | ||
| 260 | |a Londres |b The Macmillan |c 1993 | ||
| 650 | 0 | |a Adquisición del lenguaje |9 309032 | |
| 650 | 0 | |a Desarrollo del lenguaje |9 311270 | |
| 650 | 0 | |a Educación lingüística |9 306506 | |
| 650 | 0 | |a Lingüística |9 265068 | |
| 583 | |a last modification |c 20001027 00:00:00 |k Rodrigo Vera | ||
| 490 | 0 | |a Modern Linguistics Series | |
| 999 | |c 292059 |d 292057 | ||
| 952 | |0 0 |1 0 |4 0 |6 401_930000000000000_COO_1993 |7 0 |8 A |9 342600 |a FDOPOS |b FDOPOS |d 2019-11-20 |i 3653404 |o 401.93 COO 1993 |p 3653404 |r 2025-01-22 |w 2019-11-20 |y BK |k MLA | ||
| 952 | |0 0 |1 0 |4 0 |6 401_930000000000000_COO_1993 |7 0 |8 A |9 342601 |a BIBEDU |b BIBEDU |d 2019-11-20 |i 3683842 |o 401.93 COO 1993 |p 3683842 |r 2019-11-20 |w 2019-11-20 |y BK |k LIT | ||
| 952 | |0 0 |1 0 |4 0 |6 401_930000000000000_COO_1993 |7 0 |8 A |9 342602 |a FDOPOS |b FDOPOS |d 2019-11-20 |i 3687724 |o 401.93 COO 1993 |p 3687724 |r 2025-01-22 |w 2019-11-20 |y BK |k MLA | ||